<?xml version="1.0" encoding="UTF-8"?>
<record
    xmlns:xsi="http://www.w3.org/2001/XMLSchema-instance"
    xsi:schemaLocation="http://www.loc.gov/MARC21/slim http://www.loc.gov/standards/marcxml/schema/MARC21slim.xsd"
    xmlns="http://www.loc.gov/MARC21/slim">

  <leader>00643nam a22001577a 4500</leader>
  <controlfield tag="003">LK-CoDNM</controlfield>
  <controlfield tag="005">20240911092340.0</controlfield>
  <controlfield tag="008">240827b        |||||||| |||| 00| 0 eng d</controlfield>
  <datafield tag="040" ind1=" " ind2=" ">
    <subfield code="a">LK-CoDNM</subfield>
    <subfield code="d">LK-CoDNM</subfield>
    <subfield code="e">LK-CoDNM</subfield>
  </datafield>
  <datafield tag="041" ind1=" " ind2=" ">
    <subfield code="h">Sinhala</subfield>
  </datafield>
  <datafield tag="080" ind1=" " ind2=" ">
    <subfield code="b">GP1974</subfield>
  </datafield>
  <datafield tag="245" ind1=" " ind2=" ">
    <subfield code="a">&#xDB4;&#xDC5;&#xDB8;&#xDD4;&#xDC0;&#xDD0;&#xDB1;&#xDD2; &#xDA2;&#xDCF;&#xDAD;&#xDD2;&#xD9A; &#xDBB;&#xDCF;&#xDA2;&#xDCA;&#x200D;&#xDBA; &#xDC3;&#xDB7;&#xDCF;&#xDC0; &#xDB4;&#xDCF;&#xDBB;&#xDCA;&#xDBD;&#xDD2;&#xDB8;&#xDDA;&#xDB1;&#xDCA;&#xDAD;&#xDD4;&#xDC0; &#xDB4;&#xDCA;&#x200D;&#xDBB;&#xD9A;&#xDCF;&#xDC1;&#xDB1; &#xDB8;&#xDCF;&#xDBD;&#xDCF; 1971-72 &#xDBB;&#xDA2;&#xDBA;&#xDDA; &#xD9C;&#xDD2;&#xDAB;&#xDD4;&#xDB8;&#xDCA; &#xD9A;&#xDCF;&#xDBB;&#xD9A; &#xDC3;&#xDB7;&#xDCF;&#xDC0; (&#xD85;&#xDA7;&#xDC0;&#xDD0;&#xDB1;&#xDD2; &#xDC0;&#xDCF;&#xDBB;&#xDCA;&#xDAD;&#xDCF;&#xDC0; ) </subfield>
    <subfield code="b">&#xD85;&#xD82;&#xD9A; 22</subfield>
  </datafield>
  <datafield tag="260" ind1=" " ind2=" ">
    <subfield code="a">Colombo</subfield>
    <subfield code="b">Government printers</subfield>
    <subfield code="c">1974</subfield>
  </datafield>
  <datafield tag="300" ind1=" " ind2=" ">
    <subfield code="b">70p. ; 24 cm</subfield>
  </datafield>
  <datafield tag="942" ind1=" " ind2=" ">
    <subfield code="c">BK</subfield>
  </datafield>
  <datafield tag="952" ind1=" " ind2=" ">
    <subfield code="0">0</subfield>
    <subfield code="1">0</subfield>
    <subfield code="4">1</subfield>
    <subfield code="7">0</subfield>
    <subfield code="8">OBC</subfield>
    <subfield code="a">MAIN</subfield>
    <subfield code="b">MAIN</subfield>
    <subfield code="c">REF</subfield>
    <subfield code="d">2024-08-27</subfield>
    <subfield code="l">0</subfield>
    <subfield code="o">GP1974</subfield>
    <subfield code="p">GP1930</subfield>
    <subfield code="r">2024-08-27</subfield>
    <subfield code="w">2024-08-27</subfield>
    <subfield code="y">BK</subfield>
  </datafield>
  <datafield tag="999" ind1=" " ind2=" ">
    <subfield code="c">149496</subfield>
    <subfield code="d">149496</subfield>
  </datafield>
</record>
